000 00674nam a2200181 a 4500
001 000045790
005 20201002052438.0
008 150514s2007 dr a 000 0 spa d
040 _aDO-SdBNP
_bspa
_cBNPHU
082 _axxxx
_bxxxx
100 1 _aLandestoy Duluc, Rafael Enrique,
_d1924-
_973872
245 1 0 _aObras para piano : /
_cRafael Enrique Landestoy Duluc (Bullumba) ; presentación ; Margarita Cedeño de Fernández.
260 _aSanto Domingo :
_bDespacho de la Primera Dama,
_c2007.
300 _a168 p. :
_bil., música ;
_c30 cm.
490 1 _aEducación musical
700 1 2 _aCedeño de Fernández, Margarita
_epres.
_91331
830 0 _aEducación musical
_973873
999 _c45279
_d45279